000 00290nam a22001337a 4500
008 170628b xxu||||| |||| 00| 0 eng d
020 _a43222006
041 _aeng
080 _22ND
_a82
100 _a21
101 _aGJL
245 _aLITERATURE OF ENGLAND
_cANDERSON,J
942 _2udc
_cBK
999 _c19384
_d19384